[Event "Portugal Open 2018"]
[Site "Lisboa POR"]
[Date "2018.02.03"]
[Round "2.79"]
[White "Asvestopoulou, Evdokia"]
[Black "Pelaez Murias, Eduardo"]
[Result "1/2-1/2"]
[WhiteElo "1685"]
[BlackElo "1961"]
[WhiteFideId "4219198"]
[BlackFideId "22279709"]
[WhiteCountry "GRE"]
[BlackCountry "ESP"]
[PlyCount "57"]
[EventDate "2018.??.??"]

1. d4 Nf6 2. c4 g6 3. Nc3 Bg7 4. e4 d6 5. Nf3 O-O 6. Be2 Na6 7. O-O e5 8. d5 Nc5
9. Qc2 a5 10. Ne1 Nfd7 11. Bg4 f5 12. exf5 Nb6 13. f6 Bxg4 14. fxg7 Kxg7 15. Ne4
Bf5 16. Nxc5 dxc5 17. Qe2 Re8 18. b3 c6 19. dxc6 bxc6 20. Bb2 Kg8 21. Rd1 Qe7
22. Nd3 Nd7 23. Rfe1 a4 24. Nxe5 axb3 25. axb3 Ra2 26. f4 Qh4 27. g3 Qh3 28. Rd2
Nf6 29. Qg2 1/2-1/2

[Event "Portugal Open 2018"]
[Site "Lisboa POR"]
[Date "2018.02.03"]
[Round "2.80"]
[White "Romano, João"]
[Black "Rodrigues, Tiago Nobre"]
[Result "1-0"]
[WhiteElo "1961"]
[BlackElo "1683"]
[WhiteFideId "1938541"]
[BlackFideId "1941410"]
[WhiteCountry "POR"]
[BlackCountry "POR"]
[PlyCount "91"]
[EventDate "2018.??.??"]

1. e4 e5 2. Nf3 Nc6 3. Nc3 Nf6 4. Bb5 Bb4 5. O-O Bxc3 6. bxc3 O-O 7. Re1 d6 8.
d4 Bd7 9. Rb1 exd4 10. cxd4 Re8 11. Bd3 Bg4 12. c3 Qc8 13. h3 Bh5 14. Bg5 Nd7
15. Re3 h6 16. Bh4 g5 17. Bg3 Nb6 18. Qc2 Qd7 19. h4 g4 20. Nd2 Bg6 21. Rbe1
Rad8 22. e5 Bxd3 23. Qxd3 dxe5 24. Bxe5 Nd5 25. Ne4 Nxe5 26. dxe5 b5 27. Qd4 Qf5
28. Ng3 Nxe3 29. Nxf5 Rxd4 30. Nxh6+ Kh7 31. cxd4 Nc2 32. Nxg4 Kg6 33. Rc1 Nxd4
34. Rxc7 a5 35. Rd7 Ne2+ 36. Kf1 Nc3 37. Rd3 b4 38. a3 Na2 39. axb4 axb4 40. Ke1
Nc1 41. Rd6+ Kg7 42. Kd2 Rc8 43. Rb6 Rc4 44. Ne3 Nb3+ 45. Kd1 Rxh4 46. Nf5+ 1-0

[Event "Portugal Open 2018"]
[Site "Lisboa POR"]
[Date "2018.02.03"]
[Round "2.81"]
[White "Santos, Ruben"]
[Black "Silva, Flávio"]
[Result "1/2-1/2"]
[WhiteElo "1669"]
[BlackElo "1952"]
[WhiteFideId "1952838"]
[BlackFideId "1903691"]
[WhiteCountry "POR"]
[BlackCountry "POR"]
[PlyCount "123"]
[EventDate "2018.??.??"]

1. a3 Nf6 2. d4 e6 3. Bg5 Be7 4. Nf3 O-O 5. e3 h6 6. Bh4 d5 7. Bd3 Nbd7 8. O-O
c5 9. c3 b6 10. Nbd2 Bb7 11. Re1 Rc8 12. Rc1 Ne4 13. Bxe7 Qxe7 14. g4 f5 15. Ne5
Nxe5 16. dxe5 Qg5 17. f4 Qh4 18. Bxe4 dxe4 19. gxf5 Rxf5 20. Re2 g5 21. Rg2 Kh8
22. Qg4 Qxg4 23. Rxg4 gxf4 24. Nc4 h5 25. Rxf4 Rg8+ 26. Kf2 Rfg5 27. Rf1 Ba6 28.
Rxe4 Rf5+ 29. Ke1 Rxf1+ 30. Kxf1 Rg4 31. Rxg4 hxg4 32. b3 b5 33. b4 cxb4 34.
axb4 bxc4 35. Kg2 Kg7 36. Kg3 Bb7 37. Kxg4 Be4 38. Kg5 Kf7 39. h4 Ke7 40. h5 a6
41. Kf4 Bh7 42. Kg5 Kf7 43. Kh6 Bf5 44. Kg5 Kg7 45. h6+ Kh7 46. Kh5 Bg6+ 47. Kg5
Be8 48. Kf6 Kxh6 49. Kxe6 Kg5 50. Kd5 Bb5 51. e4 Kg6 52. Kd6 Kf7 53. e6+ Ke8 54.
e5 Ba4 55. Kd5 Bb3 56. Kc6 Ke7 57. Kb6 Kxe6 58. Kxa6 Kxe5 59. b5 Bc2 60. b6 Be4
61. Kb5 Bd5 62. b7 1/2-1/2

[Event "Portugal Open 2018"]
[Site "Lisboa POR"]
[Date "2018.02.03"]
[Round "2.82"]
[White "Vanden Bussche, Steven"]
[Black "Guia, Artur"]
[Result "1-0"]
[WhiteElo "1940"]
[BlackElo "1668"]
[WhiteFideId "228699"]
[BlackFideId "1946781"]
[WhiteCountry "BEL"]
[BlackCountry "POR"]
[PlyCount "69"]
[EventDate "2018.??.??"]

1. d4 d5 2. Bf4 Nf6 3. e3 e6 4. c3 Bd6 5. Bg3 c5 6. Nd2 Nc6 7. Ngf3 O-O 8. Bd3
b6 9. Ne5 Bb7 10. f4 Ne7 11. Qf3 Nf5 12. Bf2 Be7 13. g4 Nd6 14. g5 Nfe4 15. h4
f6 16. gxf6 Bxf6 17. Bxe4 Nxe4 18. Nxe4 dxe4 19. Qg4 Qe7 20. h5 Bxe5 21. dxe5 h6
22. Bh4 Qf7 23. Rg1 Kh7 24. Rd1 Bd5 25. f5 Bxa2 26. f6 Rg8 27. Qxe4+ Kh8 28.
fxg7+ Rxg7 29. Qxa8+ Kh7 30. Qe4+ Qf5 31. Rxg7+ Kxg7 32. Rd7+ Kg8 33. Qg2+ Kf8
34. Qg7+ Ke8 35. Qe7# 1-0

[Event "Portugal Open 2018"]
[Site "Lisboa POR"]
[Date "2018.02.03"]
[Round "2.83"]
[White "Partoens, Remi"]
[Black "Candeias, Humberto"]
[Result "1-0"]
[WhiteElo "1663"]
[BlackElo "1935"]
[WhiteFideId "237108"]
[BlackFideId "1903454"]
[WhiteCountry "BEL"]
[BlackCountry "POR"]
[PlyCount "83"]
[EventDate "2018.??.??"]

1. e4 e5 2. Nf3 Nc6 3. Bc4 Nf6 4. d4 exd4 5. O-O Nxe4 6. Nxd4 d5 7. Re1 Be7 8.
Nb5 Be6 9. Bf4 Rc8 10. Nxc7+ Rxc7 11. Bxc7 Qxc7 12. Bxd5 Bxd5 13. Qxd5 Nf6 14.
Qc4 O-O 15. Nd2 Rc8 16. Nf3 Bf8 17. c3 Qa5 18. Rad1 Qh5 19. Qf4 Bc5 20. Ng5 h6
21. Ne4 Nxe4 22. Qxe4 Bb6 23. Rd7 Bc7 24. g3 Ne5 25. Rxc7 Nf3+ 26. Qxf3 Qxf3 27.
Rxc8+ Kh7 28. Rc7 h5 29. Rd7 h4 30. Rd4 g5 31. gxh4 gxh4 32. Rxh4+ Kg6 33. Rd4
f5 34. Re3 Qc6 35. Red3 Kg5 36. Rd6 Qe4 37. R6d4 Qe1+ 38. Kg2 Qc1 39. h4+ Kh5
40. Rg3 f4 41. Rg5+ Kxh4 42. Rf5 1-0

[Event "Portugal Open 2018"]
[Site "Lisboa POR"]
[Date "2018.02.03"]
[Round "2.84"]
[White "Carpentier, Jannes"]
[Black "Vedor, Bernardo"]
[Result "1-0"]
[WhiteElo "1933"]
[BlackElo "1662"]
[WhiteFideId "235059"]
[BlackFideId "1953540"]
[WhiteCountry "BEL"]
[BlackCountry "POR"]
[PlyCount "57"]
[EventDate "2018.??.??"]

1. b3 Nf6 2. Bb2 g6 3. Bxf6 exf6 4. c4 d5 5. cxd5 Qxd5 6. Nc3 Qa5 7. Nf3 Ba3 8.
Qc2 Nc6 9. e3 Ne5 10. Nb5 Nxf3+ 11. gxf3 c6 12. Nxa3 Qxa3 13. Bg2 Be6 14. Qc3
Qe7 15. O-O O-O-O 16. b4 Kb8 17. d4 f5 18. Rfb1 Bd5 19. b5 cxb5 20. Rxb5 Rc8 21.
Qb2 Rhd8 22. Rb1 Qc7 23. Rb4 Qc6 24. e4 fxe4 25. fxe4 Bxe4 26. Bxe4 Qxe4 27.
Rxb7+ Ka8 28. Rxa7+ Kxa7 29. Qa3# 1-0

[Event "Portugal Open 2018"]
[Site "Lisboa POR"]
[Date "2018.02.03"]
[Round "2.85"]
[White "Dias, José"]
[Black "Höbarth, Günter"]
[Result "0-1"]
[WhiteElo "1660"]
[BlackElo "1931"]
[WhiteFideId "1923943"]
[BlackFideId "1610198"]
[WhiteCountry "POR"]
[BlackCountry "AUT"]
[PlyCount "59"]
[EventDate "2018.??.??"]

1. b4 c5 2. bxc5 e5 3. Bb2 Nc6 4. e3 Bxc5 5. c4 d6 6. Nc3 Nf6 7. Nge2 Bg4 8. h3
Bh5 9. Qb3 O-O 10. d3 Bg6 11. Ng3 Nb4 12. Qd1 d5 13. a3 d4 14. axb4 Bxb4 15. Rc1
dxc3 16. Bxc3 Bxc3+ 17. Rxc3 Qa5 18. Qd2 Rfd8 19. Be2 h5 20. O-O h4 21. Nh1 Ne4
22. Qb2 Qxc3 23. Qxb7 Nd2 24. Rd1 Bxd3 25. Bh5 Bxc4 26. Qc7 Rac8 27. Qxa7 Nf3+
28. Bxf3 Rxd1+ 29. Bxd1 Qe1+ 30. Kh2 0-1

[Event "Portugal Open 2018"]
[Site "Lisboa POR"]
[Date "2018.02.03"]
[Round "2.86"]
[White "Turta, Stelian"]
[Black "Fortunato, António"]
[Result "1-0"]
[WhiteElo "1922"]
[BlackElo "1651"]
[WhiteFideId "1924680"]
[BlackFideId "1941810"]
[WhiteCountry "POR"]
[BlackCountry "POR"]
[PlyCount "95"]
[EventDate "2018.??.??"]

1. d4 Nf6 2. Bf4 e6 3. h3 Bd6 4. Bxd6 cxd6 5. Nf3 O-O 6. Nbd2 Nc6 7. e3 d5 8. c3
d6 9. Qc2 e5 10. Be2 e4 11. Nh2 Be6 12. O-O Rc8 13. Qb3 Qd7 14. a4 a6 15. Rfc1
Na5 16. Qc2 Nc4 17. Bxc4 Rxc4 18. Nxc4 dxc4 19. Qd1 d5 20. Qe2 g6 21. Rcb1 h5
22. b3 b5 23. bxc4 bxc4 24. Rb6 Ra8 25. a5 Kg7 26. Rab1 Qa4 27. Rb7 Qxa5 28. Qb2
Re8 29. Qb4 Qa2 30. Rb2 Qa1+ 31. Nf1 a5 32. Qb6 a4 33. Rb1 Qxc3 34. Ra7 Qc2 35.
Qb4 g5 36. Rxa4 g4 37. h4 g3 38. Nxg3 Ng4 39. Rf1 c3 40. Nxh5+ Kh6 41. Nf4 Qd2
42. Ra6 Nxf2 43. Rxf2 Qe1+ 44. Rf1 Qxe3+ 45. Kh1 c2 46. Qc5 Rc8 47. Qxc8 Qxf4
48. Rxf4 1-0

[Event "Portugal Open 2018"]
[Site "Lisboa POR"]
[Date "2018.02.03"]
[Round "2.87"]
[White "Pérez Bolanos, David"]
[Black "Fernandes, Ricardo Paulos"]
[Result "0-1"]
[WhiteElo "1651"]
[BlackElo "1920"]
[WhiteFideId "24564400"]
[BlackFideId "1943464"]
[WhiteCountry "ESP"]
[BlackCountry "POR"]
[PlyCount "144"]
[EventDate "2018.??.??"]

1. d4 d5 2. c4 e6 3. Nc3 Nf6 4. cxd5 exd5 5. Bg5 Nbd7 6. e3 c6 7. Bd3 Qa5 8. Qc2
Bd6 9. Nge2 O-O 10. O-O h6 11. Bf4 Qc7 12. Nb5 cxb5 13. Qxc7 Bxc7 14. Bxc7 a6
15. Rac1 Nb8 16. Rc2 Nc6 17. a3 Bd7 18. Rcc1 Rfe8 19. Ng3 g6 20. Bb6 Re6 21. Bb1
Ne7 22. Bc5 Bc6 23. Ne2 Nc8 24. Nf4 Re8 25. b3 Rd8 26. Rfe1 Nd6 27. Nd3 a5 28.
Ne5 Ra6 29. Bd3 a4 30. Bxd6 Rxd6 31. b4 Nd7 32. Nxd7 Rxd7 33. Rc5 Rb6 34. Rd1
Kg7 35. Be2 f5 36. Bd3 Kf6 37. Kf1 g5 38. Re1 g4 39. g3 h5 40. h4 gxh3 41. Kg1
h4 42. Kh2 hxg3+ 43. Kxg3 Rg7+ 44. Kxh3 Ra6 45. Kh2 Ra8 46. Bf1 Rh8+ 47. Bh3
Rgh7 48. Kg2 Rxh3 49. Kf1 Rh1+ 50. Ke2 Rxe1+ 51. Kxe1 Rc8 52. Ke2 b6 53. Rc3 Bd7
54. Rxc8 Bxc8 55. Kf3 Kg5 56. Kg3 Be6 57. f3 Bf7 58. f4+ Kh6 59. Kh4 Bh5 60. Kg3
Bg4 61. Kh4 Bd1 62. Kg3 Kh5 63. Kh3 Be2 64. Kg3 Bg4 65. Kg2 Kh4 66. Kh2 Bf3 67.
Kg1 Kg3 68. Kf1 Bh5 69. Ke1 Kf3 70. Kd2 Kf2 71. Kd3 Be2+ 72. Kd2 Bc4 0-1

[Event "Portugal Open 2018"]
[Site "Lisboa POR"]
[Date "2018.02.03"]
[Round "2.88"]
[White "Stokes, Paul"]
[Black "Gaudin, Bruno"]
[Result "1-0"]
[WhiteElo "1916"]
[BlackElo "1635"]
[WhiteFideId "419010"]
[BlackFideId "647861"]
[WhiteCountry "ENG"]
[BlackCountry "FRA"]
[PlyCount "57"]
[EventDate "2018.??.??"]

1. d4 d6 2. Nf3 Nf6 3. g3 Nbd7 4. Bg2 c6 5. c4 Qc7 6. Nc3 a6 7. a4 e5 8. e4 Be7
9. O-O O-O 10. h3 exd4 11. Nxd4 Ne5 12. b3 Ng6 13. Be3 Qa5 14. Rc1 h5 15. Qc2 h4
16. g4 Bxg4 17. hxg4 Nxg4 18. Qe2 Nxe3 19. Qxe3 Bg5 20. f4 Nxf4 21. Rxf4 g6 22.
Rcf1 Rae8 23. Qd3 Qe5 24. R4f3 c5 25. Nde2 Kg7 26. Nd5 f5 27. Qc3 Qxc3 28. Ndxc3
fxe4 29. Rxf8 1-0

[Event "Portugal Open 2018"]
[Site "Lisboa POR"]
[Date "2018.02.03"]
[Round "2.89"]
[White "Oliveira, António Augusto"]
[Black "Horta, António"]
[Result "0-1"]
[WhiteElo "1617"]
[BlackElo "1906"]
[WhiteFideId "1943235"]
[BlackFideId "1916971"]
[WhiteCountry "POR"]
[BlackCountry "POR"]
[PlyCount "58"]
[EventDate "2018.??.??"]

1. e4 d6 2. d4 Nf6 3. Nc3 Nbd7 4. Bc4 e5 5. Nf3 Be7 6. dxe5 dxe5 7. O-O O-O 8.
Bb3 c6 9. h3 Qc7 10. Qe2 Nc5 11. Bg5 Ne6 12. Bh4 Nd4 13. Nxd4 exd4 14. Nd1 Qe5
15. c3 Bc5 16. Bxf6 Qxf6 17. Qh5 b6 18. Bc2 g6 19. Qe2 Re8 20. b4 Bf8 21. Qc4
dxc3 22. Rc1 Be6 23. Qxc3 Qxc3 24. Nxc3 Bxb4 25. Bd1 Rad8 26. Kh1 Rd2 27. Na4 c5
28. Nc3 Bxc3 29. Rxc3 Rxa2 0-1

[Event "Portugal Open 2018"]
[Site "Lisboa POR"]
[Date "2018.02.03"]
[Round "2.90"]
[White "Taylor, Robert Graham"]
[Black "Oliveira, Fernando Alves"]
[Result "1-0"]
[WhiteElo "1906"]
[BlackElo "1604"]
[WhiteFideId "1800841"]
[BlackFideId "1947869"]
[WhiteCountry "WLS"]
[BlackCountry "POR"]
[PlyCount "93"]
[EventDate "2018.??.??"]

1. Nf3 d5 2. b3 Nf6 3. Bb2 e6 4. e3 Nbd7 5. Be2 Bd6 6. d4 O-O 7. O-O Re8 8. Ne5
c6 9. Nd2 Qc7 10. f4 c5 11. Bd3 a6 12. g4 Nf8 13. g5 N6d7 14. Qh5 Ng6 15. Rf3
Ndf8 16. h4 b5 17. c3 c4 18. bxc4 bxc4 19. Bc2 Rb8 20. Rb1 Rb6 21. Qg4 Ne7 22.
h5 Nf5 23. g6 Bxe5 24. gxh7+ Nxh7 25. fxe5 Kh8 26. e4 Nxd4 27. cxd4 Rxb2 28.
Rxb2 c3 29. Rb3 cxd2 30. Rfc3 Qa5 31. Qd1 Ng5 32. Kg2 dxe4 33. Qxd2 e3 34. Qxe3
Qd5+ 35. Kf2 f6 36. Rb8 Qd7 37. exf6 gxf6 38. Qf4 Nh3+ 39. Rxh3 f5 40. Qh6+ Qh7
41. Qxh7+ Kxh7 42. Rc3 Bd7 43. Rb7 Kh6 44. Rxd7 Kxh5 45. Rg3 Kh6 46. Rdg7 Rc8
47. Bd1 1-0

[Event "Portugal Open 2018"]
[Site "Lisboa POR"]
[Date "2018.02.03"]
[Round "2.91"]
[White "Bártolo, Filipe"]
[Black "Silva, Mariana"]
[Result "0-1"]
[WhiteElo "1572"]
[BlackElo "1901"]
[WhiteFideId "1942565"]
[BlackFideId "1911899"]
[BlackTitle "WCM"]
[WhiteCountry "POR"]
[BlackCountry "POR"]
[PlyCount "94"]
[EventDate "2018.??.??"]

1. d4 Nf6 2. Bf4 g6 3. e3 Bg7 4. Nf3 d6 5. h3 O-O 6. Be2 a6 7. a4 c5 8. O-O Bf5
9. Nbd2 Nc6 10. c3 Re8 11. Nb3 cxd4 12. cxd4 Nb4 13. Nbd2 Nd3 14. Qb3 Nxf4 15.
exf4 Qd7 16. Ng5 d5 17. Ndf3 Ne4 18. Nxe4 Bxe4 19. Ne5 Qf5 20. Qe3 Bh6 21. Ng4
Bxf4 22. Nh6+ Bxh6 23. Qxh6 Qf6 24. Qd2 Rac8 25. Rac1 Kg7 26. Rc3 Rxc3 27. bxc3
Qc6 28. Ra1 Rc8 29. Ra3 Qb6 30. Bd1 Qa5 31. g4 Qc7 32. Rb3 h5 33. gxh5 Rh8 34.
c4 dxc4 35. Re3 Qf4 36. Qc3 Qg5+ 37. Rg3 Qd5 38. f4 Rd8 39. hxg6 fxg6 40. Qa3
Qxd4+ 41. Re3 Qxd1+ 42. Kf2 Rd2+ 43. Kg3 Qg1+ 44. Kh4 Qf2+ 45. Rg3 Qxf4+ 46. Rg4
g5+ 47. Kh5 Bg6# 0-1

[Event "Portugal Open 2018"]
[Site "Lisboa POR"]
[Date "2018.02.03"]
[Round "2.92"]
[White "Newton, Andrew"]
[Black "Rupérez Benito, Paula"]
[Result "1-0"]
[WhiteElo "1899"]
[BlackElo "1544"]
[WhiteFideId "2403285"]
[BlackFideId "22297618"]
[WhiteCountry "SCO"]
[BlackCountry "ESP"]
[PlyCount "49"]
[EventDate "2018.??.??"]

1. e4 e6 2. d4 d5 3. Nc3 dxe4 4. Nxe4 Nd7 5. Nf3 Ngf6 6. Bd3 Be7 7. O-O O-O 8.
Nxf6+ Nxf6 9. Bg5 Nd5 10. Bxe7 Qxe7 11. c4 Nf6 12. Re1 Rd8 13. Qc2 b6 14. Rad1
Bb7 15. d5 Re8 16. Bf5 g6 17. Bh3 h6 18. dxe6 Be4 19. Rxe4 Nxe4 20. Qxe4 f5 21.
Qf4 Qxe6 22. Qxh6 Re7 23. g3 Rh7 24. Qxh7+ Kxh7 25. Ng5+ 1-0

[Event "Portugal Open 2018"]
[Site "Lisboa POR"]
[Date "2018.02.03"]
[Round "2.93"]
[White "Silva, Daniel"]
[Black "Quintino, Luís"]
[Result "1/2-1/2"]
[WhiteElo "1536"]
[BlackElo "1899"]
[WhiteFideId "1951378"]
[BlackFideId "1904086"]
[WhiteCountry "POR"]
[BlackCountry "POR"]
[PlyCount "81"]
[EventDate "2018.??.??"]

1. e4 e5 2. Nf3 Nc6 3. Bc4 Nf6 4. d3 Be7 5. Nc3 O-O 6. O-O d6 7. h3 h6 8. d4
exd4 9. Nxd4 Nxd4 10. Qxd4 c6 11. Be3 b5 12. Be2 Be6 13. f3 Nh5 14. f4 Ng3 15.
Rf3 Bf6 16. Qd2 Bxc3 17. bxc3 Nxe2+ 18. Qxe2 Bc4 19. Qd2 f5 20. exf5 Rxf5 21.
Rg3 c5 22. Rd1 Rd5 23. Qc1 Rxd1+ 24. Qxd1 Qf6 25. f5 Bf7 26. Qd2 Kh7 27. Rf3 Re8
28. Bf4 Qxf5 29. Bxh6 Qd5 30. Rd3 Qh5 31. Be3 Bxa2 32. Rxd6 Bc4 33. Qf2 Re5 34.
Kh2 Rf5 35. Qd2 Rd5 36. Rxd5 Qxd5 37. Qxd5 Bxd5 38. Bxc5 a5 39. g3 Be4 40. Kg1
Bxc2 41. Kf2 1/2-1/2

[Event "Portugal Open 2018"]
[Site "Lisboa POR"]
[Date "2018.02.03"]
[Round "2.94"]
[White "Vandamme, Florian"]
[Black "Ferrante, Filippo"]
[Result "1-0"]
[WhiteElo "1898"]
[BlackElo "1539"]
[WhiteFideId "228672"]
[BlackFideId "846457"]
[WhiteCountry "BEL"]
[BlackCountry "ITA"]
[PlyCount "51"]
[EventDate "2018.??.??"]

1. d4 e6 2. c4 d5 3. Nf3 c6 4. e3 Nf6 5. b3 Nbd7 6. Bb2 Bd6 7. Nbd2 O-O 8. Bd3
Re8 9. Ne5 Bc7 10. f4 Nxe5 11. fxe5 Nd7 12. O-O Nf8 13. Qh5 Qd7 14. Rf2 Ng6 15.
Raf1 Bd8 16. Rxf7 Qxf7 17. Rxf7 Kxf7 18. Qxh7 Nf8 19. Qh5+ g6 20. Bxg6+ Nxg6 21.
Qh7+ Kf8 22. Qxg6 Be7 23. Nf3 Bd7 24. h4 Red8 25. Ng5 Be8 26. Nh7# 1-0

[Event "Portugal Open 2018"]
[Site "Lisboa POR"]
[Date "2018.02.03"]
[Round "2.95"]
[White "Santos, Ana P"]
[Black "Skielnik, Joseph"]
[Result "1/2-1/2"]
[WhiteElo "1534"]
[BlackElo "1890"]
[WhiteFideId "1921550"]
[BlackFideId "423807"]
[WhiteCountry "POR"]
[BlackCountry "ENG"]
[PlyCount "102"]
[EventDate "2018.??.??"]

1. e4 c6 2. d4 d5 3. Nd2 dxe4 4. Nxe4 Nf6 5. f3 Bf5 6. Ng3 Bg6 7. c3 e6 8. Bg5
Be7 9. Bd3 Bxd3 10. Qxd3 Nbd7 11. N1e2 Qb6 12. Qd2 Rd8 13. Rb1 Qa6 14. a3 c5 15.
Ne4 Nxe4 16. fxe4 Nf6 17. Bxf6 Bxf6 18. e5 Bxe5 19. Qg5 Bf6 20. Qxc5 Be7 21. Qe5
Bf6 22. Qe4 Qc6 23. Qxc6+ bxc6 24. O-O O-O 25. Ng3 Rd5 26. Ne4 Be7 27. Rbd1 Rfd8
28. Rf3 f5 29. Ng3 g6 30. Re1 Kf7 31. Rfe3 R5d6 32. Re5 Bf6 33. Rc5 Rb8 34. Re2
Rb5 35. b4 Rxc5 36. bxc5 Rd7 37. Rb2 e5 38. Ne2 exd4 39. cxd4 Bxd4+ 40. Nxd4
Rxd4 41. Rb7+ Ke6 42. Rxa7 Rc4 43. Rxh7 Rxc5 44. Rg7 Kf6 45. Rc7 g5 46. a4 Ke5
47. h3 Kd6 48. Rg7 f4 49. Kf2 Rc2+ 50. Kf3 Rc3+ 51. Kf2 Rc2+ 1/2-1/2

[Event "Portugal Open 2018"]
[Site "Lisboa POR"]
[Date "2018.02.03"]
[Round "2.96"]
[White "Gomes, José Luis"]
[Black "Cavadas, José"]
[Result "1-0"]
[WhiteElo "1889"]
[BlackElo "1535"]
[WhiteFideId "1901710"]
[BlackFideId "1904990"]
[WhiteCountry "POR"]
[BlackCountry "POR"]
[PlyCount "103"]
[EventDate "2018.??.??"]

1. e4 c5 2. Nc3 a6 3. g3 d6 4. Bg2 Nf6 5. d3 g6 6. Nge2 Bg7 7. O-O O-O 8. Rb1
Nc6 9. h3 Bd7 10. Be3 Qc8 11. Kh2 h6 12. f4 Nh7 13. Nd5 Qd8 14. Qd2 e6 15. Ndc3
Ne7 16. e5 Bc6 17. Bxc6 Nxc6 18. exd6 Nd4 19. Ne4 b6 20. Bxd4 cxd4 21. Qb4 f5
22. Nd2 a5 23. Qb3 Kf7 24. Nc4 Rb8 25. Ne5+ Bxe5 26. fxe5 Rc8 27. Nxd4 Re8 28.
Nb5 Rc5 29. d4 Rc8 30. c4 Rh8 31. Rbc1 Ng5 32. Qd3 Kg7 33. d5 exd5 34. cxd5 Ne4
35. e6 Qg5 36. Rc7+ Rxc7 37. dxc7 Qe7 38. Qd4+ Qf6 39. Qxf6+ Kxf6 40. Rc1 Rc8
41. Na7 Nd6 42. Nxc8 Nxc8 43. Rd1 Nd6 44. Rc1 Nc8 45. Rc6 Ke7 46. Kg2 g5 47. Kf3
h5 48. Ke3 a4 49. Kd4 f4 50. gxf4 g4 51. hxg4 h4 52. Ke5 1-0

[Event "Portugal Open 2018"]
[Site "Lisboa POR"]
[Date "2018.02.03"]
[Round "2.97"]
[White "Rupérez Benito, Yaiza"]
[Black "Rumsey, Victor"]
[Result "1/2-1/2"]
[WhiteElo "1503"]
[BlackElo "1888"]
[WhiteFideId "22297626"]
[BlackFideId "432873"]
[WhiteCountry "ESP"]
[BlackCountry "ENG"]
[PlyCount "55"]
[EventDate "2018.??.??"]

1. e4 e5 2. Nf3 Nc6 3. Bc4 Nf6 4. d3 Bc5 5. c3 d6 6. Be3 Bxe3 7. fxe3 O-O 8. O-O
Qe7 9. Nbd2 a6 10. a4 Be6 11. Bb3 Bxb3 12. Qxb3 Rab8 13. Rfe1 Kh8 14. Nf1 Nd7
15. Ng3 g6 16. Rf1 f6 17. Rf2 Nd8 18. Raf1 Ne6 19. Qd1 Rf7 20. b4 Rbf8 21. Nd2
Ng7 22. Qg4 Qe6 23. Qd1 c6 24. Nb3 b6 25. c4 f5 26. exf5 Nxf5 27. Nxf5 Rxf5 28.
Qc2 1/2-1/2

[Event "Portugal Open 2018"]
[Site "Lisboa POR"]
[Date "2018.02.03"]
[Round "2.98"]
[White "Sousa, Tadeu"]
[Black "Afonso, Paulo Jorge"]
[Result "1/2-1/2"]
[WhiteElo "1888"]
[BlackElo "1511"]
[WhiteFideId "1928198"]
[BlackFideId "1907549"]
[WhiteCountry "POR"]
[BlackCountry "POR"]
[PlyCount "96"]
[EventDate "2018.??.??"]

1. e4 e6 2. d4 d5 3. Nd2 Nf6 4. Bd3 c5 5. e5 Nfd7 6. c3 Nc6 7. Ngf3 cxd4 8. cxd4
a6 9. O-O Nb6 10. Re1 Bd7 11. Nb3 Rc8 12. Bg5 Be7 13. Bxe7 Qxe7 14. Nc5 Nxd4 15.
Nxb7 Nxf3+ 16. Qxf3 O-O 17. Nd6 Ra8 18. Rac1 Nc8 19. Nxc8 Raxc8 20. Rxc8 Bxc8
21. Rc1 Qb7 22. Qe2 Bd7 23. Rc3 h6 24. h3 Bb5 25. Rb3 Bxd3 26. Qxd3 Qc7 27. Qd4
Qc1+ 28. Kh2 Rc8 29. Rc3 Rxc3 30. Qxc3 Qf4+ 31. Qg3 Qd4 32. b3 Kf8 33. Qe3 Qxe3
34. fxe3 f6 35. exf6 gxf6 36. Kg3 Kf7 37. Kf3 e5 38. e4 Ke6 39. g4 d4 40. Ke2
Kd6 41. Kd3 Kc5 42. a3 a5 43. h4 Kb5 44. h5 Kc5 45. Kc2 Kb5 46. Kd3 Kc5 47. Kc2
Kb5 48. Kd3 Kc5 1/2-1/2

[Event "Portugal Open 2018"]
[Site "Lisboa POR"]
[Date "2018.02.03"]
[Round "2.99"]
[White "Almeida, José António"]
[Black "Ruiz Bellón, Manuel"]
[Result "0-1"]
[WhiteElo "1469"]
[BlackElo "1886"]
[WhiteFideId "1958143"]
[BlackFideId "32011504"]
[WhiteCountry "POR"]
[BlackCountry "ESP"]
[PlyCount "94"]
[EventDate "2018.??.??"]

1. Nf3 Nf6 2. g3 g6 3. Bg2 Bg7 4. O-O d6 5. c3 O-O 6. d4 Nbd7 7. Bg5 c5 8. Qc1
Re8 9. Bh6 Bh8 10. Nbd2 e5 11. Re1 e4 12. Ng5 Ng4 13. Nxf7 Kxf7 14. Nxe4 Ndf6
15. Bg5 h6 16. Nxf6 Bxf6 17. Bxh6 Rh8 18. Be3 Nxh2 19. dxc5 dxc5 20. Bxc5 Qc7
21. Be3 Ng4 22. Bg5 Qc5 23. Be3 Nxe3 24. Qxe3 Qxe3 25. fxe3 Bg5 26. Kf2 Kg7 27.
Rh1 Rf8+ 28. Bf3 Bd7 29. Rad1 Bc6 30. Rd3 Rae8 31. Rhd1 Bb5 32. Rd5 Bxe3+ 33.
Kg2 Bc6 34. Rd6 Bxf3+ 35. exf3 Re7 36. f4 Rff7 37. R1d5 Bb6 38. Kf3 Bc7 39. b4
Bxd6 40. Rxd6 Rc7 41. Rd3 Rfe7 42. g4 Rc4 43. f5 gxf5 44. gxf5 Kf6 45. Rd6+ Kxf5
46. Rd5+ Ke6 47. Rc5 Rxc5 0-1

[Event "Portugal Open 2018"]
[Site "Lisboa POR"]
[Date "2018.02.03"]
[Round "2.100"]
[White "Silva, Ana Inês"]
[Black "Moreira, Simao Chaves"]
[Result "0-1"]
[WhiteElo "1873"]
[BlackElo "1490"]
[WhiteFideId "1932543"]
[BlackFideId "1939351"]
[WhiteCountry "POR"]
[BlackCountry "POR"]
[PlyCount "54"]
[EventDate "2018.??.??"]

1. e4 c6 2. d4 d5 3. exd5 cxd5 4. Bd3 Nc6 5. c3 Nf6 6. Bf4 Bg4 7. Qb3 Qd7 8. Nd2
e6 9. Ngf3 Bd6 10. Ne5 Qc7 11. O-O Bh5 12. Rfe1 Nd7 13. Bg3 Ndxe5 14. dxe5 Be7
15. c4 Bb4 16. Bf4 Rd8 17. Qc2 Bxd2 18. Bxd2 Nxe5 19. cxd5 Qxc2 20. Bxc2 Rxd5
21. Bc3 Ng6 22. Bxg7 Rg8 23. Bf6 Nf4 24. Ba4+ b5 25. Bb3 Rxg2+ 26. Kf1 Rd2 27.
Bh4 Rxh2 0-1

[Event "Portugal Open 2018"]
[Site "Lisboa POR"]
[Date "2018.02.03"]
[Round "2.101"]
[White "Cohen, Lawrence"]
[Black "Capamba, Assis"]
[Result "1-0"]
[WhiteElo "1866"]
[BlackElo "1442"]
[WhiteFideId "2026228"]
[BlackFideId "1952609"]
[WhiteCountry "USA"]
[BlackCountry "ANG"]
[PlyCount "41"]
[EventDate "2018.??.??"]

1. e4 e5 2. f4 exf4 3. Nf3 Be7 4. Bc4 Bh4+ 5. g3 fxg3 6. O-O gxh2+ 7. Kh1 Bg3 8.
d4 Nf6 9. Bg5 Nxe4 10. Bxd8 Nf2+ 11. Rxf2 Bxf2 12. Qe2+ Kxd8 13. Qxf2 Nc6 14.
Ng5 Rf8 15. Nxf7+ Ke7 16. Nc3 d6 17. Re1+ Ne5 18. dxe5 b6 19. exd6+ Kd7 20. Re7+
Kc6 21. Bd5# 1-0

[Event "Portugal Open 2018"]
[Site "Lisboa POR"]
[Date "2018.02.03"]
[Round "2.102"]
[White "Roxo, Agostinho"]
[Black "Mouquinho, José"]
[Result "1/2-1/2"]
[WhiteElo "1862"]
[BlackElo "1404"]
[WhiteFideId "1902890"]
[BlackFideId "1907956"]
[WhiteCountry "POR"]
[BlackCountry "POR"]
[PlyCount "94"]
[EventDate "2018.??.??"]

1. c4 Nc6 2. Nc3 e5 3. e4 Bc5 4. d3 Nf6 5. Be2 d6 6. h3 a6 7. Nf3 h6 8. a3 a5 9.
O-O Bd7 10. Rb1 O-O 11. Bd2 Nd4 12. Nh2 Nxe2+ 13. Qxe2 Bd4 14. Kh1 c6 15. f4
exf4 16. Bxf4 Be5 17. Be3 c5 18. Nf3 Nh5 19. Bf2 Bg3 20. Ng1 Qh4 21. Nf3 Qf6 22.
Nd5 Qd8 23. Qe1 Bxf2 24. Qxf2 Nf6 25. Ne3 Qc8 26. g4 b5 27. b3 bxc4 28. bxc4 Rb8
29. Nf5 Bxf5 30. gxf5 Rxb1 31. Rxb1 Qc7 32. Qg3 Rb8 33. Rg1 Ne8 34. f6 g6 35.
Qh4 Qd8 36. Qxh6 Qxf6 37. Qe3 Ng7 38. Rf1 Nh5 39. Nh2 Qe5 40. Rg1 Rb2 41. Ng4
Qf4 42. Qxf4 Nxf4 43. Rf1 Nxh3 44. e5 dxe5 45. Nxe5 Nf2+ 46. Kg1 Nh3+ 47. Kh1
Nf2+ 1/2-1/2